[Event "Tokyo City-ch"]
[Site "Tokyo"]
[Date "2019.03.24"]
[Round "6"]
[White "Kitamura, Masashi"]
[Black "Sakai, Enju"]
[Result "1/2-1/2"]
[WhiteElo "1758"]
[BlackElo "1911"]
[PlyCount "58"]
[EventDate "2019.03.23"]
[EventType "swiss"]
[EventRounds "6"]
[EventCountry "JPN"]
[SourceTitle "CBM 190 Extra"]
[Source "ChessBase"]
[SourceDate "2019.07.15"]
[SourceVersion "1"]
[SourceVersionDate "2019.07.15"]
[SourceQuality "1"]

1. d4 Nf6 2. Bg5 Ne4 3. Bh4 g5 4. f3 gxh4 5. fxe4 c5 6. e3 Bh6 7. Kf2 Qb6 8. Nc3 d6 9. Nd5 Qxb2 10. Rb1 Qxa2 11. Ra1 Qb2 12. Rb1 Qa3 13. Ra1 Qb2 14. Rb1 Qa2 15. Nc7+ Kd8 16. Nxa8 Nc6 17. dxc5 Qa3 18. Rb3 Qxc5 19. Qa1 Qxc2+ 20. Ne2 Qxb3 21. Qxh8+ Kd7 22. Nf4 Qc2+ 23. Be2 Qxe4 24. Bg4+ f5 25. Qxh7 Qc2+ 26. Kg1 Qb1+ 27. Kf2 Qc2+ 28. Kg1 Qc1+ 29. Kf2 Qc2+ 1/2-1/2

[Event "Tokyo City-ch"]
[Site "Tokyo"]
[Date "2019.03.24"]
[Round "5"]
[White "Voronin, Andrey"]
[Black "Kitamura, Masashi"]
[Result "1-0"]
[WhiteElo "1919"]
[BlackElo "1758"]
[PlyCount "67"]
[EventDate "2019.03.23"]
[EventType "swiss"]
[EventRounds "6"]
[EventCountry "JPN"]
[SourceTitle "CBM 190 Extra"]
[Source "ChessBase"]
[SourceDate "2019.07.15"]
[SourceVersion "1"]
[SourceVersionDate "2019.07.15"]
[SourceQuality "1"]

1. e4 e5 2. Nf3 Nc6 3. Nc3 Nf6 4. Bb5 Bc5 5. 0-0 0-0 6. Bxc6 dxc6 7. d3 Nd7 8. Be3 Bd6 9. d4 exd4 10. Bxd4 c5 11. Be3 b6 12. Qd5 Rb8 13. Bg5 Qe8 14. Nb5 Ba6 15. Nxd6 cxd6 16. Rfe1 Ne5 17. Qxd6 Nc4 18. Qd3 Bb5 19. a4 Bxa4 20. Qxc4 b5 21. Qxc5 Rc8 22. Qa3 f6 23. Qa2+ Kh8 24. b3 fxg5 25. bxa4 g4 26. Nd4 Rc4 27. Nxb5 Qc6 28. Qa3 Qf6 29. Re2 a6 30. e5 Qf4 31. Nd6 Rd4 32. Qe3 Rxa4 33. Rxa4 Qxa4 34. e6 1-0

[Event "JPN-ch"]
[Site "Tokyo"]
[Date "2018.05.04"]
[Round "10"]
[White "Kojima, Natsumi"]
[Black "Kitamura, Masashi"]
[Result "0-1"]
[WhiteElo "1635"]
[BlackElo "1701"]
[PlyCount "126"]
[EventDate "2018.04.29"]
[EventType "swiss"]
[EventRounds "11"]
[EventCountry "JPN"]
[SourceTitle "CBM 184 Extra"]
[Source "ChessBase"]
[SourceDate "2018.06.28"]
[SourceVersion "1"]
[SourceVersionDate "2018.06.28"]
[SourceQuality "1"]

1. e4 e5 2. Nf3 Nc6 3. Bc4 Nf6 4. d3 Be7 5. 0-0 0-0 6. Qe2 d6 7. h3 Na5 8. Bb3 h6 9. Rd1 c5 10. c3 Nxb3 11. axb3 Be6 12. Nbd2 Re8 13. d4 cxd4 14. cxd4 exd4 15. Nxd4 Bd7 16. Qf3 Bf8 17. Re1 d5 18. e5 Qb6 19. Nf5 Ne4 20. Nxe4 dxe4 21. Qxe4 Qg6 22. Ng3 Qxe4 23. Rxe4 Bc6 24. Re1 Rad8 25. f4 Rd3 26. Kh2 Bc5 27. Ne4 Bb4 28. Nf2 Rxb3 29. Re3 Rxe3 30. Bxe3 a6 31. Rd1 h5 32. g4 hxg4 33. hxg4 Bf8 34. Bd4 Rd8 35. Kg3 Ba4 36. Rd3 Bb5 37. Rd1 Ba4 38. Rd3 Bb5 39. Rd1 Bb4 40. Bb6 Rxd1 41. Nxd1 Kf8 42. Ne3 Bc6 43. Nc2 Bd2 44. f5 g5 45. Be3 Bxe3 46. Nxe3 Ke7 47. Kf2 Kd7 48. Ke1 Bf3 49. Kd2 Kc6 50. Kc3 a5 51. Nc4 Bxg4 52. e6 fxe6 53. f6 Bh5 54. f7 Bxf7 55. Ne5+ Kd5 56. Nxf7 g4 57. Kd3 a4 58. Ng5 g3 59. Ke3 Kc4 60. Nxe6 b5 61. Kf3 b4 62. Nf4 a3 63. bxa3 bxa3 0-1

[Event "JPN-ch"]
[Site "Tokyo"]
[Date "2018.05.02"]
[Round "7"]
[White "Kitamura, Masashi"]
[Black "Nishino, Tatsuya"]
[Result "0-1"]
[WhiteElo "1701"]
[BlackElo "1578"]
[PlyCount "78"]
[EventDate "2018.04.29"]
[EventType "swiss"]
[EventRounds "11"]
[EventCountry "JPN"]
[SourceTitle "CBM 184 Extra"]
[Source "ChessBase"]
[SourceDate "2018.06.28"]
[SourceVersion "1"]
[SourceVersionDate "2018.06.28"]
[SourceQuality "1"]

1. d4 Nf6 2. c4 e6 3. Nc3 Bb4 4. e3 0-0 5. Bd3 b6 6. Nge2 Bb7 7. a3 Bxc3+ 8. Nxc3 d5 9. cxd5 exd5 10. 0-0 Nbd7 11. Bc2 c5 12. dxc5 Nxc5 13. b4 Nce4 14. Bb2 Rc8 15. Qd3 d4 16. exd4 Nxc3 17. f3 Qxd4+ 18. Rf2 Qxd3 19. Bxd3 Rfd8 20. Bf5 Rc6 21. Rc1 Na4 22. Re1 Nxb2 23. Rxb2 g6 24. Bh3 Bc8 25. Re7 Bxh3 26. gxh3 Rd7 27. Re1 Rcd6 28. Ree2 Rd3 29. Rbc2 Rxa3 30. Rc6 Rxf3 31. Kg2 Rf5 32. Rec2 Ne4 33. Rc8+ Kg7 34. Ra8 Rb5 35. Rcc8 Rxb4 36. Rg8+ Kf6 37. h4 Rd3 38. Rad8 Nd6 39. Rd7 Rb2+ 0-1

[Event "JPN-ch"]
[Site "Tokyo"]
[Date "2018.04.30"]
[Round "4"]
[White "Kitamura, Masashi"]
[Black "Yamada, Kohei"]
[Result "0-1"]
[WhiteElo "1701"]
[BlackElo "2164"]
[PlyCount "66"]
[EventDate "2018.04.29"]
[EventType "swiss"]
[EventRounds "11"]
[EventCountry "JPN"]
[SourceTitle "CBM 184 Extra"]
[Source "ChessBase"]
[SourceDate "2018.06.28"]
[SourceVersion "1"]
[SourceVersionDate "2018.06.28"]
[SourceQuality "1"]

1. d4 Nf6 2. c4 g6 3. Nc3 d5 4. cxd5 Nxd5 5. e4 Nxc3 6. bxc3 Bg7 7. Be3 c5 8. Nf3 Qa5 9. Qd2 0-0 10. Be2 Nc6 11. Rb1 a6 12. Rc1 cxd4 13. cxd4 Qxd2+ 14. Kxd2 Rd8 15. d5 e6 16. Bb6 Rd7 17. Bc4 Nb4 18. Ke2 exd5 19. Bxd5 Nxd5 20. exd5 Rxd5 21. Rhd1 Rxd1 22. Rxd1 Be6 23. Rd2 Bc4+ 24. Kd1 a5 25. Nd4 a4 26. Nf3 a3 27. Nd4 h5 28. Rc2 Bd5 29. f3 Ra4 30. Ne2 Bb2 31. Nc3 Bxc3 32. Rxc3 Bxa2 33. Bc5 Bb3+ 0-1